000 00727nam a2200241 i 4500
001 141888
003 ES-MaACL
005 20230906200407.0
007 t|
008 071001s1957 sp ||||1| spa d
100 1 _aWilliams, Ben Ames.
_9116911
245 1 0 _aObras de Ben Ames Williams.
260 _aBarcelona :
_bJosé Janés,
_c1957.
300 _a2 v. ;
_c17 cm.
490 1 _aMaestros de hoy
505 8 _aContiene: V. 1. La casa dividida -- v. 2. Los inconquistados ; Que el cielo la juzgue
740 3 _aLa casa dividida.
740 4 _aLos inconquistados.
740 0 _aQue el cielo la juzgue.
830 0 _aMaestros de hoy
_9182411
852 _aES-MaACL
_jE-5137-38
_bR.41240
999 _c141888
_d141888